000 00537nam a2200217Ia 4500
003 OSt
005 20220924132951.0
006 a|||||r|||| 00| 0
007 ta
008 220923b |||||||| |||| 00| 0 ben d
024 _a254724
037 _cTextual
040 _aARTS
_cARTS
_bben
041 _2ben
_aben
082 _aO157:1M24.9, J3
100 _aBanerjee P A L
_9205402
245 0 _aMeghnath kabya
260 _c1953
942 _hO157:1M24.9, J3
_cTEXL
_2CC
999 _c432184
_d432184